Ortografia- H czy Ch? - Statystyki

Ogólne statystyki
  • Ten quiz został rozwiązany 1 380 razy
  • Średni wynik to 17 z 25
Statystyki odpowiedzi
Zagadnienie Odpowiedź % Poprawnych
_iena H
99%
Prze_owalnia Ch
93%
S_ludny Ch
90%
Za_artowany H
88%
_oreografia Ch
85%
Wa_adło H
84%
Bo_aterski H
82%
Re_abilitacja H
81%
Or_idea Ch
78%
Dru_ H
78%
Wa_larz Ch
76%
_iper_romia H - Ch
75%
_orągiew Ch
72%
_ierar_ia H - Ch
72%
_ipo_ondryk H - Ch
69%
Kontra_ent H
64%
Bła_y H
60%
_i_ot Ch - Ch
55%
_u_ać Ch - Ch
54%
_o_la Ch - Ch
52%
_o_lik Ch - Ch
51%
_u_ro Ch - CH
46%
Czy_ać H
45%
Ma_oń H
43%
_uligan Ch
28%
Nie znaleziono quizów pasujących do podanych kryteriów
Rozkład punktacji
Procent ludzi z każdym wynikiem
Percentyl według liczby udzielonych odpowiedzi
Twoja historia wyników
Nie rozwiązałeś tego quizu